000
00297nam a22001217a 4500
020
_a
1-55519-056-1
082
_a
005.7565 BYE'E
100
_a
PRAGUE, C.N ,BYER'S, R.A
_9
79785
245
_a
EVERYMAN'S DATABASE PRINTERS
260
_a
CALIFORNIA
_b
ASHTON TATE
_c
1989
300
_a
426P
942
_c
BK
999
_c
584778
_d
584778